Statistics for Uyghur Quiz

Click here to take the quiz!

General Stats

  • This quiz has been taken 214 times
  • The average score is 2 of 5

Answer Stats

QuestionAnswer% Correct
What is the Favourite food of the UyghursMelon
60%
What country does not support China's actions toward the UyghursEgypt
49%
How much Melon did Grenada donate to the Uyghurs in 20190kg
28%
Which Country is best friends with the UyghursSaint Vincent and the Grenadines
10%
How do you pronounce UyghurYou-Jer
5%

Score Distribution

Percentile by Number Answered

Percent of People with Each Score

Your Score History

You have not taken this quiz